000 00391nam a22001577a 4500
003 MPLRDC
005 20220104144410.0
008 210129b ||||| |||| 00| 0 eng d
082 _a782.881 LX-9 c.3
100 _a许寿裳、郑振铎 著
245 _a作家谈鲁迅
_c
260 _a
_b文学研究社
_c1966
300 _b
650 _a鲁迅传记
942 _cBK
_o782.881 LX-9 c.3
999 _c49233
_d49223